20 Drapeaux aléatoires de 280 Pays et territoires - Statistiques

Statistiques générales
  • Ce quiz a été pris 778 fois
    166 depuis la dernière actualisation
  • Le résultat moyen est 13 sur 20
Statistiques - réponses
Par images Réponse % Correct
Albanie
100%
Algerie
100%
Allemagne
100%
Andorre
100%
Angleterre
100%
Antigua & Barbuda
100%
Arabie Saoudite
100%
Argentine
100%
Arménie
100%
Australie
100%
Autriche
100%
Azerbaïdjan
100%
Bahamas
100%
Belgique
100%
Bélize
100%
Bénin
100%
Bielorussie
100%
Bolivie
100%
Bosnie-Herzegovine
100%
Bretagne (France)
100%
Bulgarie
100%
Burkina Faso
100%
Cambodge
100%
Cameroun
100%
Canada
100%
Chili
100%
Chine
100%
Chypre
100%
Colombie
100%
Comores
100%
Corée du Nord
100%
Corée du Sud
100%
Costa Rica
100%
Cote d'Ivoire
100%
Croatie
100%
Cuba
100%
Danemark
100%
Dominique
100%
Egypte
100%
Emirats Arabes Unis
100%
Eswatini
100%
Etats-Unis
100%
Finlande
100%
Ghana
100%
Guyana
100%
Haïti
100%
Honduras
100%
Hongrie
100%
Iles Féroé
100%
Iles Vierges Américaines
100%
Inde/Iles Adaman et Nicobar
100%
Iran
100%
Islande
100%
Israël
100%
Italie
100%
Jamaïque
100%
Japon
100%
Kazakhstan
100%
Kenya
100%
Kirghizistan
100%
Lettonie
100%
Liban
100%
Liechtenstein
100%
Madagascar
100%
Mali
100%
Malte
100%
Maroc
100%
Maurice
100%
Mauritanie
100%
Melilla
100%
Mozambique
100%
Myanmar/Birmanie
100%
Nauru
100%
Nicaragua
100%
Niger
100%
Norvège/Svalbard et Jan Mayen
100%
Nouvelle-Calédonie
100%
Nouvelle-Zélande
100%
Ouganda
100%
Ouzbékistan
100%
Palaos
100%
Panama
100%
Pays-Bas
100%
Pérou
100%
Portugal
100%
République Arabe Sahraouie Démocratique
100%
République Démocratique du Congo
100%
République Tchèque
100%
Roumanie
100%
Russie
100%
Saint Vincent & les Grenadines
100%
Sénégal
100%
Slovaquie
100%
Somalie
100%
Suède
100%
Suisse
100%
Tadjikistan
100%
Tchad
100%
Terre de Feu (Argentine)
100%
Timor Oriental
100%
Togo
100%
Tunisie
100%
Tuvalu
100%
Ukraine
100%
Uruguay
100%
Vatican
100%
Vénézuela
100%
Vietnam
100%
Zambie
100%
Angola
86%
France/Saint Martin
86%
Irlande
83%
Népal
83%
Sainte Lucie
83%
Soudan du Sud
83%
Laos
80%
Monaco
80%
Nigeria
80%
Bangladesh
75%
Fidji
75%
Gambie
75%
Guinée-Bissau
75%
Montenegro
75%
Palestine
75%
Pologne
75%
Slovenie
75%
Tanzanie
75%
Liberia
71%
Afrique du Sud
67%
Barbade
67%
Bhoutan
67%
Curaçao
67%
Ecosse
67%
Gibraltar
67%
Groenland
67%
Guinée
67%
Irak
67%
La Réunion
67%
Libye
67%
Lituanie
67%
Luxembourg
67%
Micronésie
67%
Porto Rico
67%
République Turque de Chypre du Nord
67%
Seychelles
67%
Singapour
67%
Sri Lanka
67%
Suriname
67%
Taiwan
67%
Turquie
67%
Botswana
60%
Bruneï
60%
Géorgie
60%
Jordanie
60%
Koweït
60%
Papouasie Nouvelle-Guinée
60%
Qatar
60%
Brésil
50%
Burundi
50%
Equateur
50%
Estonie
50%
Gabon
50%
Grenade
50%
Iles Galapagos
50%
Irlande du Nord
50%
Jersey
50%
Kiribati
50%
Kosovo
50%
Lesotho
50%
Macao
50%
Macédoine du Nord
50%
Malaisie
50%
Malawi
50%
Martinique
50%
Mexique
50%
Mongolie
50%
Montserrat
50%
Namibie
50%
Oman
50%
Pakistan
50%
Pays de Galles
50%
République Centrafricaine
50%
République Dominicaine
50%
Samoa
50%
Sierra Leone
50%
Soudan
50%
Syrie
50%
Thailande
50%
Tokelau
50%
Afghanistan
40%
Bonaire
40%
Guam
40%
Ile Christmas
40%
Moldavie
40%
Paraguay
40%
Polynésie Française
40%
Ambazonie (Cameroun)
33%
El Salvador
33%
Guyane Française
33%
Haut Karabagh (2024)
33%
Hong Kong
33%
Ile Norfolk
33%
Iles Salomon
33%
Madère
33%
Maldives
33%
Niue
33%
Rwanda
33%
Saba
33%
Turkménistan
33%
Vanuatu
33%
Guadeloupe
25%
Iles Mariannes du Nord
25%
Trinité & Tobago
25%
Anguilla
20%
Iles Turques et Caïques
20%
Saint Eustache
17%
Abkhazie
0%
Adjarie (Géorgie)
0%
Aland
0%
Aruba
0%
Badakhstan (Tadjikistan)
0%
Bahreïn
0%
Bermudes
0%
Biafra (Nigeria)
0%
Bougainville
0%
Cachemire/Kashmir
0%
Cap Vert
0%
Ceuta
0%
Cornouailles (UK)
0%
Djibouti
0%
Erythrée
0%
Espagne
0%
Ethiopie
0%
Géorgie du Sud/Iles Sandwich
0%
Grece
0%
Guatemala
0%
Guernsey
0%
Guinée Equatoriale
0%
Ile de l'Ascension
0%
Ile de Man
0%
Ile de Pâques
0%
Iles Baléares
0%
Iles Caïmans
0%
Iles Canaries
0%
Iles Cocos (Keling)
0%
Iles Cook
0%
Iles Malouines/Falklands
0%
Iles Marshall
0%
Iles Pitcairn
0%
Iles Shetland
0%
Iles Vierges Britanniques
0%
Indonésie
0%
Kurdistan
0%
Les Açores
0%
Magallanes (Chili)
0%
Mayotte
0%
Orcades/Orkney (UK)
0%
Ossétie du Sud
0%
Pays Basque (france/Espagne)
0%
Philippines
0%
République du Congo
0%
Royaume-Uni
0%
Saint Barthélémy
0%
Saint Christophe & Nieves
0%
Sainte-Hélène
0%
Saint-Marin
0%
Saint-Pierre-et-Miquelon
0%
Samoa Americaines
0%
Sao Tomé & Principe
0%
Savoie (France)
0%
Serbie
0%
Sint Marteen
0%
Somaliland
0%
Tibet
0%
Tonga
0%
Transnistrie
0%
Tristan da Cunha
0%
Wallis & Futuna
0%
Yemen
0%
Zimbabwe
0%
Aucun quiz correspondant
Distribution des résultats
% des personnes avec chaque résultat
Percentile par nombre de réponses
Votre historique - résultats
Vous n’avez pas pris ce quiz depuis la dernière actualisation